000 00576nam a2200181Ia 4500
008 090123s9999 xx 000 0 und d
082 _b39246
100 _aबनहट्टी राजेंद्र
245 _aसमान धर्मा
250 _a2
260 _bपुष्पक प्रकाशन
_c2006
300 _a144
600 _aबनहट्टी राजेंद्र
630 _aसमान धर्मा
700 _aबनहट्टी राजेंद्र
730 _aसमान धर्मा
942 _cBOOK
999 _c77311
_d77311